[Event "Wch Seniors 50 28th"]
[Site "Bled"]
[Date "2018.11.22"]
[Round "5"]
[White "Siedl, Manfred"]
[Black "Matthews, Shane"]
[Result "1/2-1/2"]
[WhiteElo "2071"]
[BlackElo "2243"]
[PlyCount "140"]
[EventDate "2018.11.18"]
[EventType "swiss"]
[EventRounds "11"]
[EventCountry "SLO"]
[SourceTitle "CBM 187 Extra"]
[Source "ChessBase"]
[SourceDate "2018.11.04"]
[SourceVersion "1"]
[SourceVersionDate "2018.11.04"]
[SourceQuality "1"]

1. Nf3 Nf6 2. c4 g6 3. g3 Bg7 4. Bg2 0-0 5. 0-0 d6 6. Nc3 Nbd7 7. d4 c6 8. Qc2 Re8 9. e4 Qc7 10. Bd2 e5 11. dxe5 dxe5 12. b4 Nf8 13. Ne1 Ne6 14. Ne2 Nd4 15. Nxd4 exd4 16. Rd1 Qe7 17. f3 Be6 18. Nd3 Nd7 19. f4 b5 20. c5 Bc4 21. e5 Rac8 22. a4 f6 23. axb5 Bxb5 24. exf6 Bxf6 25. Bh3 Rcd8 26. Rfe1 Qf7 27. Rxe8+ Rxe8 28. Re1 Rxe1+ 29. Bxe1 Qe7 30. Bf2 Nf8 31. Qd2 Qe4 32. Ne1 a6 33. Bf1 Ne6 34. Bd3 Qd5 35. Bxb5 axb5 36. Nd3 h5 37. Qe1 Kf7 38. h3 g5 39. Qe2 gxf4 40. gxf4 Qf5 41. Qf3 Ke7 42. Qg3 Kd7 43. Kf1 Qe4 44. f5 Qxf5 45. Qd6+ Ke8 46. Qxc6+ Kf7 47. Qd7+ Be7 48. Qxb5 Qxh3+ 49. Ke1 Qf5 50. Qc4 h4 51. Bxd4 Qe4+ 52. Kf1 Qxd4 53. Qxd4 Nxd4 54. Nf4 Bg5 55. Ne2 Nb5 56. Kg2 Kg6 57. c6 Bd8 58. Ng1 Kg5 59. Kf3 Bc7 60. Nh3+ Kf5 61. Nf2 Bd6 62. Kg2 Bxb4 63. Kh3 Be7 64. Nd3 Nc7 65. Ne1 Kg5 66. Ng2 Kh5 67. Nf4+ Kg5 68. Ng2 Kh5 69. Nf4+ Kg5 70. Ng2 Kh5 1/2-1/2

[Event "Wch Seniors 50 28th"]
[Site "Bled"]
[Date "2018.11.18"]
[Round "1"]
[White "Siedl, Manfred"]
[Black "Bischoff, Klaus"]
[Result "0-1"]
[WhiteElo "2071"]
[BlackElo "2507"]
[PlyCount "80"]
[EventDate "2018.11.18"]
[EventType "swiss"]
[EventRounds "11"]
[EventCountry "SLO"]
[SourceTitle "CBM 187 Extra"]
[Source "ChessBase"]
[SourceDate "2018.11.04"]
[SourceVersion "1"]
[SourceVersionDate "2018.11.04"]
[SourceQuality "1"]

1. Nf3 Nf6 2. e3 d6 3. d4 g6 4. Be2 Bg7 5. 0-0 0-0 6. c4 Nbd7 7. Nc3 e5 8. Qc2 Re8 9. dxe5 dxe5 10. e4 c6 11. Re1 Nh5 12. g3 Bf8 13. Nh4 Ng7 14. Ng2 Ne6 15. Be3 Nd4 16. Qd1 Nc5 17. Rb1 a5 18. Kh1 Bg7 19. Bf1 h5 20. f3 a4 21. Bf2 Qf6 22. Nh4 Rd8 23. f4 Bg4 24. Qc1 exf4 25. e5 Qe7 26. gxf4 Bh6 27. Qe3 Nde6 28. Ng2 Rd4 29. Qg3 Bxf4 30. Nxf4 Rxf4 31. Qg1 Bf3+ 32. Bg2 Rg4 33. Bg3 Bxg2+ 34. Qxg2 h4 35. Qf3 Rxc4 36. Bf2 Rd8 37. Bxc5 Nxc5 38. Rbd1 Rxd1 39. Rxd1 Qxe5 40. Rf1 Qe6 0-1